<?xml version="1.0" encoding="UTF-8"?>
<record
    xmlns:xsi="http://www.w3.org/2001/XMLSchema-instance"
    xsi:schemaLocation="http://www.loc.gov/MARC21/slim http://www.loc.gov/standards/marcxml/schema/MARC21slim.xsd"
    xmlns="http://www.loc.gov/MARC21/slim">

  <leader>02263cam a2200277   4500500</leader>
  <controlfield tag="005">20260419003146.0</controlfield>
  <datafield tag="041" ind1=" " ind2=" ">
    <subfield code="a">fre</subfield>
  </datafield>
  <datafield tag="042" ind1=" " ind2=" ">
    <subfield code="a">dc</subfield>
  </datafield>
  <datafield tag="100" ind1="1" ind2="0">
    <subfield code="a">M&#xE9;vel, G&#xE9;rard</subfield>
    <subfield code="e">author</subfield>
  </datafield>
  <datafield tag="245" ind1="0" ind2="0">
    <subfield code="a">Frantz Fanon, un id&#xE9;al au-del&#xE0; des couleurs</subfield>
  </datafield>
  <datafield tag="260" ind1=" " ind2=" ">
    <subfield code="c">2026.
							</subfield>
  </datafield>
  <datafield tag="500" ind1=" " ind2=" ">
    <subfield code="a">86</subfield>
  </datafield>
  <datafield tag="520" ind1=" " ind2=" ">
    <subfield code="a">&#xAB;&#xA0;Frantz Fanon, un id&#xE9;al au-del&#xE0; des couleurs.&#xA0;&#xBB; Frantz Fanon, dont nous c&#xE9;l&#xE9;brons le centenaire de la naissance, est un psychiatre martiniquais qui, en s&#x2019;inspirant des pratiques de l&#x2019;h&#xF4;pital de Saint-Alban en Loz&#xE8;re, a impos&#xE9; une socioth&#xE9;rapie &#xE0; l&#x2019;h&#xF4;pital Blida-Joinville en Alg&#xE9;rie. Les r&#xE9;sultats spectaculaires obtenus donnent une place essentielle &#xE0; l&#x2019;anthropologie psychiatrique. Son exp&#xE9;rience souligne les d&#xE9;g&#xE2;ts de la colonisation. Fanon devient le clinicien des emprises toxiques.</subfield>
  </datafield>
  <datafield tag="520" ind1=" " ind2=" ">
    <subfield code="a">&#x201C;Frantz Fanon: An Ideal Beyond Color.&#x201D; Frantz Fanon, whose birth centenary we are celebrating, was a Martinican psychiatrist who, drawing inspiration from the practices developed at Saint-Alban Hospital in Loz&#xE8;re, introduced sociotherapy at Blida-Joinville Hospital in Algeria. The remarkable results achieved there established a central place for psychiatric anthropology. His experience underscores the devastating effects of colonization. Fanon thus emerges as a clinician of toxic forms of domination.</subfield>
  </datafield>
  <datafield tag="520" ind1=" " ind2=" ">
    <subfield code="a">&#x201C;Frantz Fanon, un ideal m&#xE1;s all&#xE1; del color.&#x201D; Frantz Fanon, cuyo centenario celebramos, fue un psiquiatra de Martinica que, inspirado en las pr&#xE1;cticas del hospital Saint-Alban de Loz&#xE8;re, introdujo la socioterapia en el hospital Blida-Joinville de Argelia. Los espectaculares resultados obtenidos otorgaron a la antropolog&#xED;a psiqui&#xE1;trica un papel central. Su experiencia subraya los efectos devastadores de la colonizaci&#xF3;n. Fanon se convirti&#xF3; en el cl&#xED;nico de las influencias t&#xF3;xicas.</subfield>
  </datafield>
  <datafield tag="690" ind1=" " ind2=" ">
    <subfield code="a">Anthropologie</subfield>
  </datafield>
  <datafield tag="690" ind1=" " ind2=" ">
    <subfield code="a">Antiracisme</subfield>
  </datafield>
  <datafield tag="690" ind1=" " ind2=" ">
    <subfield code="a">Id&#xE9;aux</subfield>
  </datafield>
  <datafield tag="690" ind1=" " ind2=" ">
    <subfield code="a">Primitivisme</subfield>
  </datafield>
  <datafield tag="690" ind1=" " ind2=" ">
    <subfield code="a">Anthropology</subfield>
  </datafield>
  <datafield tag="690" ind1=" " ind2=" ">
    <subfield code="a">Anti-racism</subfield>
  </datafield>
  <datafield tag="690" ind1=" " ind2=" ">
    <subfield code="a">Ideals</subfield>
  </datafield>
  <datafield tag="690" ind1=" " ind2=" ">
    <subfield code="a">Primitivism</subfield>
  </datafield>
  <datafield tag="786" ind1="0" ind2=" ">
    <subfield code="n">Le Divan familial | &#xBA; 56 | 1 | 2026-03-24 | p. 183-196 | 1292-668X</subfield>
  </datafield>
  <datafield tag="856" ind1="4" ind2="1">
    <subfield code="u">https://shs.cairn.info/revue-le-divan-familial-2026-1-page-183?lang=fr&amp;redirect-ssocas=7080</subfield>
  </datafield>
  <datafield tag="999" ind1=" " ind2=" ">
    <subfield code="c">2214310</subfield>
    <subfield code="d">2214310</subfield>
  </datafield>
</record>
